[Event "July 23 Late 2024"]
[Site "Chess.com"]
[Date "2024.07.23"]
[Round "1.4"]
[White "Andreikin, Dmitry"]
[Black "Koutlas, Nikolaos"]
[Result "1-0"]
[WhiteElo "3118"]
[BlackElo "2540"]
[PlyCount "123"]
[EventDate "2024.??.??"]
[WhiteTeam "FID"]
[BlackTeam "GRE"]
[TimeControl "180+1"]
[WhiteClock "0:01:27"]

1. Nf3 {[%emt 0:00:02]} ({RR} 1. b3 Nf6 2. Bb2 g6 3. c4 Bg7 4. g3 O-O 5. Bg2 c5 6. Nf3 {½-½ (13) Wallner,J (2261)-Schroll,G (2236) Austria AUT 2024}) 1... Nf6 {[%emt 0:00:06]} 2. b3 {[%emt 0:00:00]} g6 {[%emt 0:00:02]} 3. Bb2 {[%emt 0:00:02]} Bg7 {[%emt 0:00:01]} 4. c4 {[%emt 0:00:00]} c5 {[%emt 0:00:01]} 5. g3 {[%emt 0:00:01]} Nc6 {[%emt 0:00:01]} 6. Bg2 {[%emt 0:00:01]} O-O {[%emt 0:00:01]} 7. O-O {[%emt 0:00:02]} d5 {[%emt 0:00:02]} 8. cxd5 {[%emt 0:00:03]} Nxd5 {[%emt 0:00:00]} 9. Bxg7 {[%emt 0:00:01]} Kxg7 {[%emt 0:00:02]} 10. Qc1 {[%emt 0:00:02]} b6 {[%emt 0:00:06]} 11. Nc3 {[%emt 0:00:01]} Bb7 {[%emt 0:00:08]} 12. Rd1 {[%emt 0:00:01]} Rc8 {[%emt 0:00:05]} 13. Qb2 {[%emt 0:00:12]} Kg8 {[%emt 0:00:08]} 14. h4 $146 {[%emt 0:00:01]} h5 {[%emt 0:00:11]} 15. Nxd5 {[%emt 0:00:03]} Qxd5 {[%emt 0:00:02]} 16. Ng5 {[%emt 0:00:00]} Qd4 {[%emt 0:00:04]} 17. Qxd4 {[%emt 0:00:02]} cxd4 {[%emt 0:00:00]} 18. Rac1 {[%emt 0:00:01]} Na5 {[%emt 0:00:05]} 19. Bxb7 {[%emt 0:00:05]} Nxb7 {[%emt 0:00:00]} 20. Nf3 {[%emt 0:00:01]} d3 {[%emt 0:00:16]} 21. e3 {[%emt 0:00:04]} Nc5 {[%emt 0:00:06]} 22. Ne5 {[%emt 0:00:09]} Rfd8 {[%emt 0:00:15]} 23. Rc4 {[%emt 0:00:04]} a5 {[%emt 0:00:04]} 24. Rdc1 {[%emt 0:00:02]} Kg7 {[%emt 0:00:14]} 25. Rd4 {[%emt 0:00:01]} f6 {[%emt 0:00:12]} 26. Nxd3 {[%emt 0:00:12]} Nxd3 {[%emt 0:00:08]} 27. Rxc8 {[%emt 0:00:01]} Rxc8 {[%emt 0:00:02]} 28. Rxd3 {[%emt 0:00:01]} Rc2 {[%emt 0:00:06]} 29. a4 {[%emt 0:00:02]} Kf7 {[%emt 0:00:01]} 30. Kf1 {[%emt 0:00:03]} Ke6 {[%emt 0:00:01]} 31. Ke2 {[%emt 0:00:01]} Rb2 {[%emt 0:00:05]} 32. Rc3 {[%emt 0:00:05]} Kd7 {[%emt 0:00:04]} 33. f4 {[%emt 0:00:01]} Rb1 {[%emt 0:00:03]} 34. e4 {[%emt 0:00:03]} e5 {[%emt 0:00:04]} 35. fxe5 {[%emt 0:00:05]} fxe5 {[%emt 0:00:01]} 36. Kd3 {[%emt 0:00:01]} Re1 {[%emt 0:00:06]} 37. b4 {[%emt 0:00:04]} axb4 {[%emt 0:00:05]} 38. Rb3 {[%emt 0:00:01]} Kc6 {[%emt 0:00:06]} 39. Rxb4 {[%emt 0:00:01]} Rg1 {[%emt 0:00:01]} 40. Rb5 {[%emt 0:00:05]} Rxg3+ {[%emt 0:00:03]} 41. Kc4 {[%emt 0:00:00]} Ra3 {[%emt 0:00:09]} 42. Rxe5 {[%emt 0:00:11]} Rxa4+ {[%emt 0:00:02]} 43. Kd3 {[%emt 0:00:01]} Kd6 {[%emt 0:00:05]} 44. Rg5 {[%emt 0:00:04]} Ra3+ {[%emt 0:00:05]} 45. Kd4 {[%emt 0:00:01]} Rh3 {[%emt 0:00:02]} 46. Rxg6+ {[%emt 0:00:01]} Kc7 {[%emt 0:00:02]} 47. e5 {[%emt 0:00:01]} Rxh4+ {[%emt 0:00:02]} 48. Kd5 {[%emt 0:00:01]} Rg4 {[%emt 0:00:01]} 49. Rh6 {[%emt 0:00:01]} h4 {[%emt 0:00:03]} 50. Rh7+ {[%emt 0:00:01]} Kd8 {[%emt 0:00:01]} 51. d4 {[%emt 0:00:02]} b5 {[%emt 0:00:03]} 52. e6 {[%emt 0:00:16]} b4 {[%emt 0:00:02]} 53. Ke5 {[%emt 0:00:03]} b3 {[%emt 0:00:02]} 54. d5 {[%emt 0:00:01]} b2 {[%emt 0:00:01]} 55. Rb7 {[%emt 0:00:00]} Rg2 {[%emt 0:00:04]} 56. e7+ {[%emt 0:00:01]} Ke8 {[%emt 0:00:01]} 57. d6 {[%emt 0:00:00]} Re2+ {[%emt 0:00:02]} 58. Kf6 {[%emt 0:00:01]} Rf2+ {[%emt 0:00:01]} 59. Kg5 {[%emt 0:00:00]} Rd2 {[%emt 0:00:03]} 60. Rb8+ {[%emt 0:00:02]} Kd7 {[%emt 0:00:01]} 61. e8=Q+ {[%emt 0:00:00]} Kxd6 {[%emt 0:00:02]} 62. Qd8+ {[%emt 0:00:01]} 1-0

[Event "July 23 Late 2024"]
[Site "Chess.com"]
[Date "2024.07.23"]
[Round "2.9"]
[White "Ahmad, Khagan"]
[Black "Kollars, Dmitrij"]
[Result "1-0"]
[WhiteElo "2644"]
[BlackElo "3027"]
[PlyCount "163"]
[EventDate "2024.??.??"]
[WhiteTeam "AZE"]
[BlackTeam "GER"]
[TimeControl "180+1"]
[WhiteClock "0:00:02"]
[BlackClock "0:00:05"]

1. Nf3 {[%emt 0:00:04]} d5 {[%emt 0:00:03]} 2. g3 {[%emt 0:00:01]} Nc6 {[%emt 0:00:03]} 3. d3 {[%emt 0:00:02]} e5 {[%emt 0:00:01]} 4. Bg2 {[%emt 0:00:00]} Nf6 {[%emt 0:00:07]} 5. O-O {[%emt 0:00:01]} h6 {[%emt 0:00:01]} 6. e4 {[%emt 0:00:03]} ({RR} 6. c4 dxc4 7. Qa4 Bd6 8. Qxc4 O-O 9. a3 Be6 10. Qc2 Qd7 11. b4 Bh3 12. Bb2 Rae8 13. Nbd2 a6 14. e4 Nh5 15. Bxh3 Qxh3 16. Kh1 Rd8 17. Rae1 Rfe8 18. Qd1 Nf6 19. Ng1 Qe6 20. Qc2 Bf8 {Damljanovic,B (2572)-Ivanisevic,I (2645) Valjevo 2012 ½-½ (40)}) 6... dxe4 {[%emt 0:00:14]} 7. dxe4 {[%emt 0:00:01]} Bg4 {[%emt 0:00:00]} ({RR} 7... Qxd1 8. Rxd1 Bc5 9. Nc3 Bd7 10. h3 O-O-O 11. Be3 Bxe3 12. fxe3 Be6 13. Kf2 Nd7 14. a3 Nb6 15. Bf1 f6 16. b3 Rxd1 17. Rxd1 Rd8 18. Rxd8+ Nxd8 19. g4 c6 20. Nh4 Kc7 21. Nf5 Bxf5 22. exf5 {Jaiveer,M (2242)-Amarasinghe,A (1867) chess.com INT 2024 1-0 (51)}) 8. c3 {[%emt 0:00:07]} a5 $146 {[%emt 0:00:30]} ({RR} 8... Qxd1 9. Rxd1 Nxe4 10. Re1 O-O-O 11. Rxe4 Rd1+ 12. Re1 Bxf3 13. Rxd1 Bxd1 14. Be3 Bg4 15. Nd2 Bd7 16. a4 a6 17. b4 Be7 18. Nc4 Be6 19. b5 Bxc4 20. bxc6 bxc6 21. Bxc6 Rd8 22. Be4 Bd3 23. Bc6 {Kriz,M-Pribyl,J (2425) Olomouc 1982 0-1 (31)}) 9. Qe2 {[%emt 0:00:12]} Bd6 {[%emt 0:00:04]} 10. a4 {[%emt 0:00:03]} O-O {[%emt 0:00:00]} 11. Nbd2 {[%emt 0:00:01]} Nd7 {[%emt 0:00:01]} 12. Nc4 {[%emt 0:00:06]} Nc5 {[%emt 0:00:02]} 13. Rd1 {[%emt 0:00:11]} Qe7 {[%emt 0:00:06]} 14. h3 {[%emt 0:00:07]} Be6 {[%emt 0:00:02]} 15. Be3 {[%emt 0:00:05]} Nxe4 {[%emt 0:00:14]} 16. Nxd6 {[%emt 0:00:53]} cxd6 {[%emt 0:00:08]} 17. Nxe5 {[%emt 0:00:36]} Nxg3 {[%emt 0:00:09]} 18. fxg3 {[%emt 0:00:02]} dxe5 {[%emt 0:00:07]} 19. Qf2 {[%emt 0:00:06]} Rfd8 {[%emt 0:00:05]} 20. Bb6 {[%emt 0:00:16]} Rxd1+ {[%emt 0:00:02]} 21. Rxd1 {[%emt 0:00:00]} Bb3 {[%emt 0:00:00]} 22. Rd2 {[%emt 0:00:03]} Bxa4 {[%emt 0:00:05]} 23. Bd5 {[%emt 0:00:02]} Nd8 {[%emt 0:00:17]} 24. Bxd8 {[%emt 0:00:06]} Rxd8 {[%emt 0:00:00]} 25. Qxf7+ {[%emt 0:00:02]} Qxf7 {[%emt 0:00:05]} 26. Bxf7+ {[%emt 0:00:00]} Kxf7 {[%emt 0:00:00]} 27. Rxd8 {[%emt 0:00:01]} Bc6 {[%emt 0:00:02]} 28. Kf2 {[%emt 0:00:04]} a4 {[%emt 0:00:01]} 29. Ke3 {[%emt 0:00:01]} Ke6 {[%emt 0:00:04]} 30. g4 {[%emt 0:00:03]} Ke7 {[%emt 0:00:05]} 31. Rg8 {[%emt 0:00:02]} Kf7 {[%emt 0:00:00]} 32. Rc8 {[%emt 0:00:01]} g5 {[%emt 0:00:04]} 33. Rc7+ {[%emt 0:00:01]} Kf6 {[%emt 0:00:01]} 34. Kd3 {[%emt 0:00:03]} Bg2 {[%emt 0:00:02]} 35. Ke3 {[%emt 0:00:03]} Bxh3 {[%emt 0:00:09]} 36. Kf3 {[%emt 0:00:00]} b5 {[%emt 0:00:01]} 37. Rc6+ {[%emt 0:00:02]} Kg7 {[%emt 0:00:01]} 38. Rb6 {[%emt 0:00:03]} Bf1 {[%emt 0:00:02]} 39. Ke4 {[%emt 0:00:00]} Be2 {[%emt 0:00:09]} 40. Kf5 {[%emt 0:00:01]} Bd3+ {[%emt 0:00:06]} 41. Kxe5 {[%emt 0:00:00]} Bc4 {[%emt 0:00:00]} 42. Kf5 {[%emt 0:00:03]} Bd3+ {[%emt 0:00:01]} 43. Ke6 {[%emt 0:00:00]} Be2 {[%emt 0:00:00]} 44. Ke5 {[%emt 0:00:02]} Bd3 {[%emt 0:00:05]} 45. Kd4 {[%emt 0:00:01]} Bf1 {[%emt 0:00:01]} 46. Kc5 {[%emt 0:00:03]} Be2 {[%emt 0:00:02]} 47. Kb4 {[%emt 0:00:01]} Kh7 {[%emt 0:00:04]} 48. Rb7+ {[%emt 0:00:01]} Kg6 {[%emt 0:00:01]} 49. Rb6+ {[%emt 0:00:00]} Kg7 {[%emt 0:00:00]} 50. Rd6 {[%emt 0:00:00]} Bf1 {[%emt 0:00:05]} 51. Rd4 {[%emt 0:00:01]} Be2 {[%emt 0:00:02]} 52. Kc5 {[%emt 0:00:00]} Kf6 {[%emt 0:00:01]} 53. Rd6+ {[%emt 0:00:02]} Kg7 {[%emt 0:00:00]} 54. Kc6 {[%emt 0:00:03]} Kh7 {[%emt 0:00:05]} 55. Rd4 {[%emt 0:00:01]} Kg6 {[%emt 0:00:02]} 56. Kd5 {[%emt 0:00:02]} Kf6 {[%emt 0:00:01]} 57. Kd6 {[%emt 0:00:00]} Bf3 {[%emt 0:00:02]} 58. Rb4 {[%emt 0:00:02]} Be2 {[%emt 0:00:01]} 59. Re4 {[%emt 0:00:01]} Bd3 {[%emt 0:00:01]} 60. Re3 {[%emt 0:00:01]} Bc4 {[%emt 0:00:01]} 61. Rf3+ {[%emt 0:00:01]} Kg6 {[%emt 0:00:01]} 62. Ke7 {[%emt 0:00:00]} Be2 {[%emt 0:00:02]} 63. Rf6+ {[%emt 0:00:03]} Kg7 {[%emt 0:00:01]} 64. Rb6 {[%emt 0:00:01]} Bc4 {[%emt 0:00:02]} 65. Kd6 {[%emt 0:00:01]} Kf6 {[%emt 0:00:02]} 66. Kc5+ {[%emt 0:00:00]} Ke5 {[%emt 0:00:00]} 67. Rxh6 {[%emt 0:00:02]} Kf4 {[%emt 0:00:01]} 68. Kd4 {[%emt 0:00:01]} Be2 {[%emt 0:00:02]} 69. Rf6+ {[%emt 0:00:01]} Kxg4 {[%emt 0:00:01]} 70. Ke3 {[%emt 0:00:00]} Bc4 {[%emt 0:00:01]} 71. Rf2 {[%emt 0:00:01]} Kg3 {[%emt 0:00:01]} 72. Rf5 {[%emt 0:00:01]} g4 {[%emt 0:00:01]} 73. Re5 {[%emt 0:00:01]} Bf1 {[%emt 0:00:02]} 74. Rd5 {[%emt 0:00:01]} Bc4 {[%emt 0:00:01]} 75. Rf5 {[%emt 0:00:01]} Kh4 {[%emt 0:00:04]} 76. Kf4 {[%emt 0:00:01]} Be2 {[%emt 0:00:01]} 77. Rg5 {[%emt 0:00:01]} Kh3 {[%emt 0:00:01]} 78. Re5 {[%emt 0:00:02]} Bc4 {[%emt 0:00:01]} 79. Re3+ {[%emt 0:00:01]} Kh4 {[%emt 0:00:01]} 80. Rg3 {[%emt 0:00:00]} Be2 {[%emt 0:00:02]} 81. Rg2 {[%emt 0:00:02]} Bf3 {[%emt 0:00:01]} 82. Rh2# {[%emt 0:00:00]} 1-0

[Event "July 23 Late 2024"]
[Site "Chess.com"]
[Date "2024.07.23"]
[Round "2.61"]
[White "Liu, Eric"]
[Black "Pinero Rodriguez, Carlos Jose"]
[Result "1-0"]
[WhiteElo "2563"]
[BlackElo "2802"]
[PlyCount "91"]
[EventDate "2024.??.??"]
[WhiteTeam "USA"]
[BlackTeam "VEN"]
[TimeControl "180+1"]
[WhiteClock "0:00:19"]

1. b3 {[%emt 0:00:02]} b6 {[%emt 0:00:03]} 2. Bb2 {[%emt 0:00:00]} Bb7 {[%emt 0:00:00]} 3. Nf3 {[%emt 0:00:01]} Nf6 {[%emt 0:00:01]} 4. g3 {[%emt 0:00:00]} e6 {[%emt 0:00:00]} 5. Bg2 {[%emt 0:00:01]} c5 {[%emt 0:00:01]} ({RR} 5... Be7 6. O-O O-O 7. c4 a5 8. Nc3 Ne4 9. Qc2 Nxc3 10. Bxc3 Nc6 11. Rad1 d6 12. d4 Nb4 13. Qb2 f5 14. a3 Na6 15. d5 e5 16. Nxe5 dxe5 17. d6 Bxg2 18. dxe7 Qxe7 19. Kxg2 e4 20. Rd5 {Adewumi,T (2362)-Erdogmus,Y (2618) chess.com INT 2025 0-1 (57)}) 6. a4 $146 {[%emt 0:00:00]} ({RR} 6. O-O d5 7. d3 Nbd7 8. Nbd2 Be7 9. Re1 O-O 10. e4 dxe4 11. dxe4 Qc7 12. e5 Nd5 13. h4 Rad8 14. Qe2 Nb4 15. Ne4 c4 16. a3 Bxe4 17. Qxe4 c3 18. Bc1 Nd5 19. Ng5 Bxg5 20. Bxg5 Rde8 {Escobar Torres,A (2095)-Giraud,S (2015) Castelldefels 2005 1-0 (42)}) ({RR} 6. O-O Be7 7. d3 O-O 8. e4 d6 9. Qe2 Nc6 10. Nbd2 Nd7 11. c3 Nde5 12. d4 Nxf3+ 13. Nxf3 cxd4 14. cxd4 d5 15. e5 Nb4 16. Rfd1 Rc8 17. Ne1 Ba6 18. Qd2 Qd7 19. Bc3 Nc6 20. Nc2 Rc7 {Nakamura,H (2735)-Vasquez Schroder,R (2506) ICC INT 2010 ½-½ (59)}) 6... a6 {[%emt 0:00:01]} 7. h4 {[%emt 0:00:01]} Be7 {[%emt 0:00:02]} 8. d3 {[%emt 0:00:02]} d6 {[%emt 0:00:02]} 9. Nbd2 {[%emt 0:00:01]} Nbd7 {[%emt 0:00:00]} 10. e4 {[%emt 0:00:01]} Qc7 {[%emt 0:00:02]} 11. O-O {[%emt 0:00:03]} O-O {[%emt 0:00:06]} 12. c4 {[%emt 0:00:06]} Rfd8 {[%emt 0:00:08]} 13. Re1 {[%emt 0:00:01]} Bf8 {[%emt 0:00:03]} 14. Nf1 {[%emt 0:00:26]} d5 {[%emt 0:00:04]} 15. cxd5 {[%emt 0:00:14]} exd5 {[%emt 0:00:02]} 16. e5 {[%emt 0:00:00]} Ng4 {[%emt 0:00:22]} 17. e6 {[%emt 0:00:22]} fxe6 {[%emt 0:00:02]} 18. Ng5 {[%emt 0:00:00]} Nde5 {[%emt 0:01:31]} 19. f3 {[%emt 0:00:41]} d4 {[%emt 0:00:17]} 20. fxg4 {[%emt 0:00:04]} Bxg2 {[%emt 0:00:02]} 21. Kxg2 {[%emt 0:00:00]} Qc6+ {[%emt 0:00:07]} 22. Ne4 {[%emt 0:00:07]} Bd6 {[%emt 0:00:02]} 23. Qe2 {[%emt 0:00:05]} Rf8 {[%emt 0:00:01]} 24. Nfd2 {[%emt 0:00:00]} Bc7 {[%emt 0:00:05]} 25. Nc4 {[%emt 0:00:01]} Ng6 {[%emt 0:00:04]} 26. h5 {[%emt 0:00:07]} Ne7 {[%emt 0:00:01]} 27. Rf1 {[%emt 0:00:02]} b5 {[%emt 0:00:02]} 28. axb5 {[%emt 0:00:03]} axb5 {[%emt 0:00:01]} 29. Ncd2 {[%emt 0:00:02]} Nd5 {[%emt 0:00:01]} 30. Rxf8+ {[%emt 0:00:14]} Rxf8 {[%emt 0:00:01]} 31. Nf1 {[%emt 0:00:01]} h6 {[%emt 0:00:06]} 32. Rc1 {[%emt 0:00:02]} c4 {[%emt 0:00:03]} 33. bxc4 {[%emt 0:00:01]} bxc4 {[%emt 0:00:02]} 34. Rxc4 {[%emt 0:00:00]} Qb7 {[%emt 0:00:00]} 35. Bxd4 {[%emt 0:00:04]} Bb8 {[%emt 0:00:04]} 36. Ne3 {[%emt 0:00:06]} Qb1 {[%emt 0:00:04]} 37. Nxd5 {[%emt 0:00:10]} exd5 {[%emt 0:00:01]} 38. Nd2 {[%emt 0:00:00]} Qb7 {[%emt 0:00:03]} 39. Rc1 {[%emt 0:00:06]} Qd7 {[%emt 0:00:01]} 40. Rf1 {[%emt 0:00:02]} Re8 {[%emt 0:00:00]} 41. Qf3 {[%emt 0:00:00]} Qd6 {[%emt 0:00:02]} 42. Qf4 {[%emt 0:00:03]} Qd7 {[%emt 0:00:02]} 43. Qf5 {[%emt 0:00:02]} Qd6 {[%emt 0:00:00]} 44. Qf3 {[%emt 0:00:02]} Qd7 {[%emt 0:00:02]} 45. Rf2 {[%emt 0:00:01]} Kh8 {[%emt 0:00:02]} 46. Nf1 {[%emt 0:00:01]} 1-0

[Event "July 23 Late 2024"]
[Site "Chess.com"]
[Date "2024.07.23"]
[Round "3.49"]
[White "Andreikin, Dmitry"]
[Black "Ratkovic, Miloje"]
[Result "1-0"]
[WhiteElo "3112"]
[BlackElo "2756"]
[PlyCount "111"]
[EventDate "2024.??.??"]
[WhiteTeam "FID"]
[BlackTeam "SRB"]
[TimeControl "180+1"]
[WhiteClock "0:01:38"]

1. Nf3 {[%emt 0:00:02]} d5 {[%emt 0:00:03]} 2. b3 {[%emt 0:00:02]} Nf6 {[%emt 0:00:01]} 3. Bb2 {[%emt 0:00:01]} c6 {[%emt 0:00:01]} 4. g3 {[%emt 0:00:02]} Bf5 {[%emt 0:00:00]} 5. Bg2 {[%emt 0:00:02]} e6 {[%emt 0:00:01]} 6. d3 {[%emt 0:00:01]} h6 {[%emt 0:00:00]} 7. Nbd2 {[%emt 0:00:00]} Be7 {[%emt 0:00:01]} 8. O-O {[%emt 0:00:03]} O-O {[%emt 0:00:00]} 9. Re1 {[%emt 0:00:01]} a5 {[%emt 0:00:02]} 10. e4 {[%emt 0:00:01]} Bh7 {[%emt 0:00:00]} 11. a3 {[%emt 0:00:00]} Na6 {[%emt 0:00:01]} 12. Qe2 {[%emt 0:00:02]} Nc5 {[%emt 0:00:01]} 13. e5 {[%emt 0:00:01]} Nfd7 {[%emt 0:00:01]} 14. Nf1 {[%emt 0:00:01]} b5 {[%emt 0:00:05]} 15. h4 {[%emt 0:00:02]} Na6 {[%emt 0:00:03]} 16. Ne3 $146 {[%emt 0:00:02]} ({RR} 16. N1h2 a4 17. bxa4 bxa4 18. Ng4 Kh8 19. Bc1 Rb8 20. Bf4 Nc7 21. Nd4 Rb6 22. Qd2 Qb8 23. Nf3 Rb2 24. Nd4 Rb6 25. h5 c5 26. Nf3 Rb2 27. Rec1 Rd8 28. Kh2 c4 29. Bxh6 gxh6 30. Nxh6 Rf8 {Shibut,M (2253)-Charbonneau,P (2505) Ledyard 2009 0-1 (41)}) 16... Rb8 {[%emt 0:00:06]} 17. Ng4 {[%emt 0:00:04]} c5 {[%emt 0:00:01]} 18. Bc1 {[%emt 0:00:03]} c4 {[%emt 0:00:05]} 19. bxc4 {[%emt 0:00:03]} bxc4 {[%emt 0:00:03]} 20. dxc4 {[%emt 0:00:00]} Nc7 {[%emt 0:00:08]} 21. Rd1 {[%emt 0:00:03]} Nb6 {[%emt 0:00:21]} 22. Nd4 {[%emt 0:00:08]} Qd7 {[%emt 0:00:30]} 23. c5 {[%emt 0:00:01]} Bxc5 {[%emt 0:00:41]} 24. Bxh6 {[%emt 0:00:02]} f5 {[%emt 0:00:19]} 25. exf6 {[%emt 0:00:13]} gxh6 {[%emt 0:00:04]} 26. Qe5 {[%emt 0:00:15]} Rf7 {[%emt 0:00:25]} 27. Nxh6+ {[%emt 0:00:02]} Kh8 {[%emt 0:00:01]} 28. Nxf7+ {[%emt 0:00:10]} Qxf7 {[%emt 0:00:00]} 29. Nxe6 {[%emt 0:00:01]} Qxe6 {[%emt 0:00:19]} 30. Qxc7 {[%emt 0:00:01]} Rg8 {[%emt 0:00:01]} 31. Qxc5 {[%emt 0:00:02]} Qxf6 {[%emt 0:00:02]} 32. Qd4 {[%emt 0:00:04]} Qxd4 {[%emt 0:00:01]} 33. Rxd4 {[%emt 0:00:00]} Bxc2 {[%emt 0:00:01]} 34. Rc1 {[%emt 0:00:04]} Bb3 {[%emt 0:00:01]} 35. Rc6 {[%emt 0:00:01]} Rb8 {[%emt 0:00:00]} 36. Rg4 {[%emt 0:00:02]} Kh7 {[%emt 0:00:02]} 37. Bf1 {[%emt 0:00:01]} Bc4 {[%emt 0:00:01]} 38. Bxc4 {[%emt 0:00:01]} Nxc4 {[%emt 0:00:01]} 39. Rgxc4 {[%emt 0:00:01]} dxc4 {[%emt 0:00:01]} 40. Rxc4 {[%emt 0:00:00]} Rb3 {[%emt 0:00:00]} 41. Ra4 {[%emt 0:00:03]} Rb5 {[%emt 0:00:02]} 42. Kg2 {[%emt 0:00:00]} Kh6 {[%emt 0:00:00]} 43. Rf4 {[%emt 0:00:01]} Kh5 {[%emt 0:00:01]} 44. Kh3 {[%emt 0:00:03]} Rb6 {[%emt 0:00:01]} 45. Rf5+ {[%emt 0:00:01]} Kh6 {[%emt 0:00:00]} 46. Rxa5 {[%emt 0:00:00]} Rc6 {[%emt 0:00:01]} 47. a4 {[%emt 0:00:01]} Ra6 {[%emt 0:00:01]} 48. Rg5 {[%emt 0:00:02]} Rb6 {[%emt 0:00:02]} 49. Rb5 {[%emt 0:00:02]} Ra6 {[%emt 0:00:00]} 50. a5 {[%emt 0:00:01]} Rc6 {[%emt 0:00:03]} 51. Rb6 {[%emt 0:00:03]} Kh5 {[%emt 0:00:00]} 52. f3 {[%emt 0:00:04]} Rf6 {[%emt 0:00:03]} 53. f4 {[%emt 0:00:03]} Rc6 {[%emt 0:00:03]} 54. f5 {[%emt 0:00:01]} Rc3 {[%emt 0:00:01]} 55. Rb5 {[%emt 0:00:04]} Rc6 {[%emt 0:00:04]} 56. Rb4 {[%emt 0:00:05]} 1-0

[Event "July 23 Late 2024"]
[Site "Chess.com"]
[Date "2024.07.23"]
[Round "4.41"]
[White "Eljanov, Pavel"]
[Black "Korchmar, Vasiliy"]
[Result "1-0"]
[WhiteElo "2911"]
[BlackElo "2607"]
[PlyCount "67"]
[EventDate "2024.??.??"]
[WhiteTeam "UKR"]
[BlackTeam "FID"]
[TimeControl "180+1"]
[WhiteClock "0:01:09"]

1. Nf3 {[%emt 0:00:02]} d5 {[%emt 0:00:02]} 2. g3 {[%emt 0:00:00]} g6 {[%emt 0:00:01]} 3. Bg2 {[%emt 0:00:03]} Bg7 {[%emt 0:00:01]} 4. O-O {[%emt 0:00:00]} e5 {[%emt 0:00:01]} 5. d3 {[%emt 0:00:02]} Ne7 {[%emt 0:00:01]} 6. Nc3 {[%emt 0:00:05]} O-O {[%emt 0:00:04]} ({RR} 6... Nbc6 7. e4 dxe4 8. Nxe4 O-O 9. Re1 h6 10. Bd2 b6 11. b4 a6 12. a4 Be6 13. Rb1 Nd4 14. Nxd4 exd4 15. h4 Nd5 16. a5 Qd7 17. f4 f5 18. Nf2 b5 19. h5 gxh5 20. Qxh5 Rae8 21. Qf3 {Caruana,F (2793)-Dominguez Perez,L (2748) Saint Louis USA 2024 ½-½ (90)}) 7. a4 {[%emt 0:00:05]} h6 $146 {[%emt 0:00:29]} ({RR} 7... c5 8. e4 d4 9. Ne2 Nec6 10. Nd2 Be6 11. f4 exf4 12. gxf4 f5 13. e5 Bd5 14. Nc4 Bxg2 15. Kxg2 Qd5+ 16. Kg1 Na6 17. Ng3 Nc7 18. Bd2 b6 19. Qe2 Ne6 20. h4 h5 21. Qh2 Bh6 22. Rf2 {Martirosyan,H (2667)-Anton Guijarro,D (2665) chess.com INT 2024 1-0 (71)}) 8. a5 {[%emt 0:00:02]} a6 {[%emt 0:00:01]} 9. e4 {[%emt 0:00:02]} d4 {[%emt 0:00:06]} 10. Nb1 {[%emt 0:00:08]} c5 {[%emt 0:00:13]} 11. Nbd2 {[%emt 0:00:03]} Be6 {[%emt 0:00:03]} 12. Nc4 {[%emt 0:00:01]} Bxc4 {[%emt 0:00:01]} 13. dxc4 {[%emt 0:00:01]} Nbc6 {[%emt 0:00:00]} 14. Bd2 {[%emt 0:00:02]} Nb4 {[%emt 0:00:07]} 15. Ne1 {[%emt 0:00:23]} Nec6 {[%emt 0:00:10]} 16. c3 {[%emt 0:00:23]} dxc3 {[%emt 0:00:02]} 17. bxc3 {[%emt 0:00:00]} Nd3 {[%emt 0:00:00]} 18. Be3 {[%emt 0:00:01]} Nxe1 {[%emt 0:00:17]} 19. Rxe1 {[%emt 0:00:01]} Qe7 {[%emt 0:00:42]} 20. Qd5 {[%emt 0:00:14]} Rfd8 {[%emt 0:00:31]} 21. Qxc5 {[%emt 0:00:01]} Qe6 {[%emt 0:00:01]} 22. Bf1 {[%emt 0:00:09]} Rd7 {[%emt 0:00:13]} 23. Qb6 {[%emt 0:00:05]} h5 {[%emt 0:00:07]} 24. Red1 {[%emt 0:00:05]} Rad8 {[%emt 0:00:01]} 25. Rd5 {[%emt 0:00:03]} Qe7 {[%emt 0:00:11]} 26. Rad1 {[%emt 0:00:04]} h4 {[%emt 0:00:00]} 27. Bh3 {[%emt 0:00:03]} Rd6 {[%emt 0:00:02]} 28. Bc5 {[%emt 0:00:02]} Rxd5 {[%emt 0:00:00]} 29. cxd5 {[%emt 0:00:01]} Qe8 {[%emt 0:00:02]} 30. Qxb7 {[%emt 0:00:07]} Nxa5 {[%emt 0:00:01]} 31. Qxa6 {[%emt 0:00:04]} Nb3 {[%emt 0:00:00]} 32. Be3 {[%emt 0:00:00]} hxg3 {[%emt 0:00:01]} 33. hxg3 {[%emt 0:00:02]} Rb8 {[%emt 0:00:03]} 34. d6 {[%emt 0:00:02]} 1-0